000 00281nam a22001217a 4500
999 _c5244
_d5244
008 250828b ||||| |||| 00| 0 eng d
020 _a9781338740264
082 _a741.4 TEL
100 _aTELGEMEIER,RAINA
_eAUTHOR
_lENGLISH
245 _aSMILE
260 _bSCHOLASTIC
942 _2ddc